| 000 | 00415nam a2200133 i 4500 | ||
|---|---|---|---|
| 001 | bg | ||
| 245 | 0 |
_aZ zagadnień diagnostyki osobowości / _cpod red. Władysława Jacka Paluchowskiego ; Polska Akademia Nauk. Zakład Psychologii. |
|
| 260 |
_aWrocław [et al.], _c1983. |
||
| 700 | 1 | _aPaluchowski, Władysław Jacek | |
| 040 | _cBPK | ||
| 041 | _apol | ||
| 942 | _cKS | ||
| 008 | s pl f |000 0 pol | ||
| 999 |
_c21958 _d21958 |
||
| 856 |
_uhttp://koha.tu.koszalin.pl/cgi-bin/koha/opac-detail.pl?biblionumber=21958 _yKatalog online BPK |
||